[Event "European Senior Team Championship 2021"]
[Site "Don Giovanni hotel, Vinohradska 2733, Prague, Czech Republic"]
[Date "2021.08.30"]
[Round "1"]
[Board "1"]
[White "Pribyl, Josef"]
[Black "Knaak, Rainer"]
[Result "1/2-1/2"]
[WhiteElo "2226"]
[BlackElo "2476"]
[PlyCount "0"]
[EventDate "2021.08.30"]
[EventType "team"]
[EventRounds "9"]
[EventCountry "ECX"]
[WhiteTeam "CHESS ACADEMY PRAHA"]
[BlackTeam "LASKER SCHACHSTIFTUNG GK"]

1. d4 {[%clk 1:30:53]} d5 {[%clk 1:30:43]} 2. Nf3 {[%clk 1:31:15]} Nf6
{[%clk 1:30:59]} 3. g3 {[%clk 1:31:18]} Bf5 {[%clk 1:29:52]} 4. Bg2
{[%clk 1:31:39]} e6 {[%clk 1:30:05]} 5. O-O {[%clk 1:31:48]} Be7 {[%clk 1:30:05]}
6. c4 {[%clk 1:32:13]} c6 {[%clk 1:30:11]} 7. Qb3 {[%clk 1:31:06]} Qb6
{[%clk 1:30:02]} 8. c5 {[%clk 1:31:13]} Qxb3 {[%clk 1:30:14]} 9. axb3
{[%clk 1:31:39]} Nbd7 {[%clk 1:29:53]} 10. b4 {[%clk 1:31:36]} O-O
{[%clk 1:29:01]} 11. Nc3 {[%clk 1:31:59]} a6 {[%clk 1:29:14]} 12. Bf4
{[%clk 1:31:49]} h6 {[%clk 1:19:03]} 13. h3 {[%clk 1:28:56]} g5 {[%clk 1:11:05]}
14. Bd2 {[%clk 1:28:25]} Ne4 {[%clk 1:10:07]} 15. g4 {[%clk 1:25:28]} Bg6
{[%clk 1:06:35]} 16. Nxe4 {[%clk 1:25:12]} dxe4 {[%clk 0:58:17]} 17. Ne5
{[%clk 1:25:17]} Nxe5 {[%clk 0:58:35]} 18. dxe5 {[%clk 1:25:43]} Rad8
{[%clk 0:57:54]} 19. Bc3 {[%clk 1:25:52]} Rd5 {[%clk 0:51:05]} 20. f3
{[%clk 1:25:26]} exf3 {[%clk 0:51:24]} 21. exf3 {[%clk 1:25:22]} Rd7
{[%clk 0:49:54]} 22. Rfd1 {[%clk 1:23:19]} Rfd8 {[%clk 0:50:17]} 23. Rxd7
{[%clk 1:23:39]} Rxd7 {[%clk 0:50:43]} 24. Bf1 {[%clk 1:23:28]} Kf8
{[%clk 0:33:00]} 25. Kf2 {[%clk 1:21:00]} Bc2 {[%clk 0:30:35]} 26. Bc4
{[%clk 1:19:55]} Ke8 {[%clk 0:27:54]} 27. Ke2 {[%clk 1:18:51]} Kd8
{[%clk 0:26:04]} 28. b3 {[%clk 1:13:18]} Kc7 {[%clk 0:24:34]} 29. Rc1
{[%clk 1:11:17]} Bg6 {[%clk 0:24:53]} 30. Rd1 {[%clk 1:10:46]} Rxd1
{[%clk 0:16:07]} 31. Kxd1 {[%clk 1:11:14]} Kd7 {[%clk 0:16:18]} 32. Kd2
{[%clk 1:08:25]} h5 {[%clk 0:16:44]} 33. Ke3 {[%clk 1:07:12]} hxg4
{[%clk 0:17:00]} 34. hxg4 {[%clk 1:07:14]} Bc2 {[%clk 0:16:34]}  1/2-1/2

[Event "European Senior Team Championship 2021"]
[Site "Don Giovanni hotel, Vinohradska 2733, Prague, Czech Republic"]
[Date "2021.08.30"]
[Round "1"]
[Board "2"]
[White "Kalinitschew, Sergey"]
[Black "Mojzis, Jaroslav"]
[Result "1-0"]
[WhiteElo "2434"]
[BlackElo "2030"]
[PlyCount "0"]
[EventDate "2021.08.30"]
[EventType "team"]
[EventRounds "9"]
[EventCountry "ECX"]
[WhiteTeam "LASKER SCHACHSTIFTUNG GK"]
[BlackTeam "CHESS ACADEMY PRAHA"]

1. Nf3 {[%clk 1:30:52]} Nf6 {[%clk 1:30:41]} 2. c4 {[%clk 1:31:13]} e6
{[%clk 1:24:39]} 3. g3 {[%clk 1:31:23]} Be7 {[%clk 1:21:41]} 4. Bg2 O-O 5. b3
{[%clk 1:27:54]} d5 {[%clk 1:15:22]} 6. O-O {[%clk 1:27:41]} b6 {[%clk 1:13:20]}
7. cxd5 {[%clk 1:25:50]} exd5 {[%clk 1:10:15]} 8. Nc3 {[%clk 1:25:53]} Bb7
{[%clk 1:10:20]} 9. d4 {[%clk 1:26:08]} c5 {[%clk 1:09:38]} 10. Bb2
{[%clk 1:26:12]} Na6 {[%clk 1:08:35]} 11. Rc1 {[%clk 1:26:32]} Nc7
{[%clk 1:06:56]} 12. dxc5 {[%clk 1:26:26]} bxc5 {[%clk 1:07:12]} 13. Na4
{[%clk 1:26:48]} Ne4 {[%clk 0:55:37]} 14. Nd2 {[%clk 1:19:45]} Nxd2
{[%clk 0:42:29]} 15. Qxd2 {[%clk 1:20:03]} Ne6 {[%clk 0:41:31]} 16. Rfd1
{[%clk 1:18:45]} Qc7 {[%clk 0:27:21]} 17. Nc3 {[%clk 0:56:19]} d4
{[%clk 0:26:10]} 18. Nd5 {[%clk 0:54:15]} Qd7 {[%clk 0:24:53]} 19. e4
{[%clk 0:52:59]} Rac8 {[%clk 0:19:46]} 20. Qe2 {[%clk 0:50:45]} Rfd8
{[%clk 0:16:26]} 21. Re1 {[%clk 0:46:43]} Bf8 {[%clk 0:16:26]} 22. Qh5
{[%clk 0:46:32]} Qb5 {[%clk 0:12:08]} 23. Rcd1 {[%clk 0:38:04]} Qa6
{[%clk 0:10:08]} 24. a4 {[%clk 0:37:01]} Nc7 {[%clk 0:10:01]} 25. Bh3
{[%clk 0:34:31]} Ne6 {[%clk 0:08:12]} 26. Bc1 {[%clk 0:28:56]} c4
{[%clk 0:07:42]} 27. Bf1 {[%clk 0:29:03]} d3 {[%clk 0:07:44]} 28. bxc4
{[%clk 0:29:25]} Qxc4 {[%clk 0:08:01]} 29. Bxd3 {[%clk 0:25:00]} Qxa4
{[%clk 0:04:52]} 30. Bb2 {[%clk 0:22:38]} h6 {[%clk 0:03:09]} 31. Bb1
{[%clk 0:18:22]} Qb3 {[%clk 0:03:14]} 32. Rd2 {[%clk 0:12:44]} Bxd5
{[%clk 0:02:52]} 33. exd5 {[%clk 0:13:06]} Ng5 {[%clk 0:03:14]} 34. Re3
{[%clk 0:13:06]} Qb4 {[%clk 0:03:14]} 35. Qd1 {[%clk 0:10:20]} Bd6
{[%clk 0:02:18]} 36. h4 {[%clk 0:10:17]} Nh7 {[%clk 0:02:42]} 37. Re4
{[%clk 0:07:29]} Qb6 {[%clk 0:01:54]} 38. Qg4 {[%clk 0:07:18]} Bf8
{[%clk 0:01:59]} 39. Rf4 {[%clk 0:06:26]} Re8 {[%clk 0:01:41]} 40. Bxh7+
{[%clk 0:05:20]} Kxh7 {[%clk 0:02:04]} 41. Rxf7 {[%clk 0:05:15]} Rc7
{[%clk 0:24:03]} 42. Qf5+ {[%clk 0:28:29]} Kg8 {[%clk 0:24:17]} 43. Rxc7
{[%clk 0:28:49]} Qxc7 {[%clk 0:24:40]} 44. d6 {[%clk 0:26:29]} Qc6
{[%clk 0:20:39]} 45. Qd5+ {[%clk 0:26:40]} Qxd5 {[%clk 0:21:03]} 46. Rxd5
{[%clk 0:27:08]} Kf7 {[%clk 0:21:16]} 47. Be5 {[%clk 0:26:47]} Rd8
{[%clk 0:20:51]} 48. Ra5 {[%clk 0:26:40]} Rd7 {[%clk 0:21:07]} 49. Ra6
{[%clk 0:24:48]} Ke6 {[%clk 0:21:21]} 50. f4 {[%clk 0:22:53]} Bxd6
{[%clk 0:20:13]} 51. h5 {[%clk 0:21:05]} Kd5 {[%clk 0:12:45]} 52. Bxd6
{[%clk 0:21:18]} Rxd6 {[%clk 0:13:11]} 53. Rxa7 {[%clk 0:21:41]} g6
{[%clk 0:13:27]} 54. Re7 {[%clk 0:19:28]} gxh5 {[%clk 0:09:55]} 55. Re5+
{[%clk 0:19:36]} Kd4 {[%clk 0:10:21]} 56. Kg2 {[%clk 0:19:02]} h4
{[%clk 0:08:29]} 57. gxh4 {[%clk 0:19:18]} Rg6+ {[%clk 0:08:41]} 58. Kf3
{[%clk 0:19:26]} Rg1 {[%clk 0:08:38]} 59. Rh5 {[%clk 0:19:06]} Rg6
{[%clk 0:07:44]} 60. Ra5 {[%clk 0:19:26]} Rg1 {[%clk 0:05:53]} 61. h5
{[%clk 0:19:29]} Rg8 {[%clk 0:05:18]} 62. Ra6 {[%clk 0:19:36]} Rh8
{[%clk 0:04:54]} 63. Kg4 {[%clk 0:19:48]} Ke3 {[%clk 0:02:17]} 64. Re6+
{[%clk 0:20:11]} Kf2 {[%clk 0:02:42]} 65. f5 {[%clk 0:20:04]} Ra8
{[%clk 0:02:06]} 66. f6 {[%clk 0:20:20]}  1-0

[Event "European Senior Team Championship 2021"]
[Site "Don Giovanni hotel, Vinohradska 2733, Prague, Czech Republic"]
[Date "2021.08.30"]
[Round "1"]
[Board "3"]
[White "Mlynek, Petr"]
[Black "Meister, Jakob"]
[Result "0-1"]
[WhiteElo "2058"]
[BlackElo "2416"]
[PlyCount "0"]
[EventDate "2021.08.30"]
[EventType "team"]
[EventRounds "9"]
[EventCountry "ECX"]
[WhiteTeam "CHESS ACADEMY PRAHA"]
[BlackTeam "LASKER SCHACHSTIFTUNG GK"]

1. d4 {[%clk 1:30:57]} Nf6 {[%clk 1:30:59]} 2. c4 {[%clk 1:31:13]} e6
{[%clk 1:31:16]} 3. g3 {[%clk 1:31:24]} c5 {[%clk 1:31:22]} 4. Nf3
{[%clk 1:30:09]} cxd4 {[%clk 1:25:30]} 5. Nxd4 {[%clk 1:30:29]} d5
{[%clk 1:24:42]} 6. Bg2 {[%clk 1:29:55]} e5 {[%clk 1:24:34]} 7. Nf3
{[%clk 1:29:54]} d4 {[%clk 1:24:49]} 8. O-O {[%clk 1:29:44]} Nc6 {[%clk 1:25:06]}
9. e3 {[%clk 1:29:40]} Be7 {[%clk 1:21:42]} 10. exd4 {[%clk 1:29:16]} exd4
{[%clk 1:22:03]} 11. Nbd2 {[%clk 1:22:07]} O-O {[%clk 1:21:52]} 12. a3
{[%clk 1:13:58]} a5 {[%clk 1:17:05]} 13. b3 {[%clk 1:11:18]} Bf5 {[%clk 1:08:56]}
14. Re1 {[%clk 1:09:25]} Nd7 {[%clk 0:55:09]} 15. Ne4 {[%clk 1:02:33]} Bxe4
{[%clk 0:48:10]} 16. Rxe4 {[%clk 1:02:54]} Nc5 {[%clk 0:48:22]} 17. Re2
{[%clk 0:51:58]} Qb6 {[%clk 0:41:10]} 18. Rb1 {[%clk 0:39:38]} Na4
{[%clk 0:36:20]} 19. Bd2 {[%clk 0:32:55]} Nc3 {[%clk 0:35:57]} 20. Bxc3
{[%clk 0:33:08]} dxc3 {[%clk 0:36:24]} 21. Qc2 {[%clk 0:32:11]} Bf6
{[%clk 0:35:48]} 22. Rd1 {[%clk 0:30:25]} Qc5 {[%clk 0:32:33]} 23. Qc1
{[%clk 0:27:14]} Rad8 {[%clk 0:31:41]} 24. Ree1 {[%clk 0:21:15]} g6
{[%clk 0:29:21]} 25. h4 {[%clk 0:20:26]} a4 {[%clk 0:23:09]} 26. bxa4
{[%clk 0:13:13]} Qxc4 {[%clk 0:23:02]} 27. Qc2 {[%clk 0:13:12]} Rxd1
{[%clk 0:20:22]} 28. Rxd1 {[%clk 0:13:19]} Re8 {[%clk 0:20:27]} 29. Bf1
{[%clk 0:12:21]} Qc5 {[%clk 0:18:24]} 30. Rd7 {[%clk 0:11:18]} Re7
{[%clk 0:17:43]} 31. Rxe7 {[%clk 0:08:30]} Nxe7 {[%clk 0:17:57]} 32. Ng5
{[%clk 0:08:10]} Bxg5 {[%clk 0:17:47]} 33. hxg5 {[%clk 0:08:33]} Nf5
{[%clk 0:17:59]} 34. Bb5 {[%clk 0:05:54]} Nd4 {[%clk 0:16:55]}  0-1

[Event "European Senior Team Championship 2021"]
[Site "Don Giovanni hotel, Vinohradska 2733, Prague, Czech Republic"]
[Date "2021.08.30"]
[Round "1"]
[Board "4"]
[White "Koehler, Gerhard"]
[Black "Horak, Vladimir"]
[Result "1-0"]
[WhiteElo "2183"]
[BlackElo "1954"]
[PlyCount "0"]
[EventDate "2021.08.30"]
[EventType "team"]
[EventRounds "9"]
[EventCountry "ECX"]
[WhiteTeam "LASKER SCHACHSTIFTUNG GK"]
[BlackTeam "CHESS ACADEMY PRAHA"]

1. c4 {[%clk 1:30:56]} e5 {[%clk 1:30:50]} 2. g3 {[%clk 1:31:12]} Nc6
{[%clk 1:30:56]} 3. Bg2 {[%clk 1:31:32]} d6 {[%clk 1:31:10]} 4. Nc3
{[%clk 1:31:50]} Be6 {[%clk 1:31:05]} 5. d3 {[%clk 1:32:01]} Qd7 {[%clk 1:31:14]}
6. Nd5 {[%clk 1:29:21]} Be7 {[%clk 1:28:12]} 7. Nf3 {[%clk 1:21:59]} Nf6
{[%clk 1:25:50]} 8. Ng5 {[%clk 1:17:27]} O-O {[%clk 1:21:37]} 9. Nxe6
{[%clk 1:04:09]} fxe6 {[%clk 1:20:41]} 10. Nc3 {[%clk 1:03:45]} d5
{[%clk 1:10:51]} 11. O-O {[%clk 1:00:17]} Rad8 {[%clk 0:57:57]} 12. Qa4
{[%clk 0:53:18]} Nd4 {[%clk 0:50:37]} 13. Qxd7 {[%clk 0:45:16]} Rxd7
{[%clk 0:48:58]} 14. Bh3 {[%clk 0:36:14]} Kf7 {[%clk 0:43:22]} 15. Bg5
{[%clk 0:29:27]} c6 {[%clk 0:39:06]} 16. Rac1 {[%clk 0:23:09]} Rdd8
{[%clk 0:32:37]} 17. Rfd1 {[%clk 0:20:11]} Bb4 {[%clk 0:29:26]} 18. Kf1
{[%clk 0:19:41]} Rfe8 {[%clk 0:18:03]} 19. a3 {[%clk 0:18:34]} Bf8
{[%clk 0:16:10]} 20. b4 {[%clk 0:18:07]} a5 {[%clk 0:15:44]} 21. Rb1
{[%clk 0:18:11]} axb4 {[%clk 0:15:04]} 22. axb4 {[%clk 0:18:39]} dxc4
{[%clk 0:14:09]} 23. dxc4 {[%clk 0:18:58]} Nc2 {[%clk 0:14:12]} 24. Rxd8
{[%clk 0:14:48]} Rxd8 {[%clk 0:14:39]} 25. b5 {[%clk 0:14:59]} Na3
{[%clk 0:14:14]} 26. Ra1 {[%clk 0:14:38]} Nxc4 {[%clk 0:14:23]} 27. bxc6
{[%clk 0:14:49]} bxc6 {[%clk 0:14:30]} 28. Bg2 {[%clk 0:14:26]} Rc8
{[%clk 0:09:50]} 29. Ra7+ {[%clk 0:10:51]} Be7 {[%clk 0:09:24]} 30. Ra4
{[%clk 0:08:52]} Nb6 {[%clk 0:08:31]} 31. Ra6 {[%clk 0:08:14]} Nbd5
{[%clk 0:08:40]} 32. Na4 {[%clk 0:07:17]} c5 {[%clk 0:07:15]} 33. Bh3
{[%clk 0:07:32]} Nc7 {[%clk 0:06:18]} 34. Rc6 {[%clk 0:07:07]} Ra8
{[%clk 0:06:00]} 35. Nxc5 {[%clk 0:07:17]} Ra7 {[%clk 0:05:38]} 36. Nxe6
{[%clk 0:06:48]} Nxe6 {[%clk 0:05:01]} 37. Bxe6+ {[%clk 0:07:13]} Kg6
{[%clk 0:05:19]} 38. Be3 {[%clk 0:07:26]} Ra1+ {[%clk 0:05:26]} 39. Kg2
{[%clk 0:07:49]} Rd1 {[%clk 0:04:56]} 40. Bc4 {[%clk 0:07:23]} Rd7
{[%clk 0:04:03]} 41. h3 {[%clk 0:05:16]} h6 {[%clk 0:03:41]} 42. Bd3+
{[%clk 0:02:24]} Kf7 {[%clk 0:03:50]} 43. Bf5 {[%clk 0:02:18]} Rb7
{[%clk 0:01:32]} 44. h4 {[%clk 0:29:57]} g6 {[%clk 0:29:34]} 45. Bd3
{[%clk 0:28:31]} Kg7 {[%clk 0:27:14]} 46. f3 {[%clk 0:27:01]} Rd7
{[%clk 0:25:07]} 47. Re6 {[%clk 0:22:38]} Nd5 {[%clk 0:16:34]} 48. Rxg6+
{[%clk 0:18:43]} Kf7 {[%clk 0:17:02]} 49. Bxh6 {[%clk 0:18:57]} Ne3+
{[%clk 0:10:39]} 50. Bxe3 {[%clk 0:18:37]} Rxd3 {[%clk 0:11:05]} 51. exd3
{[%clk 0:18:39]} Kxg6 {[%clk 0:11:33]} 52. Kh3 {[%clk 0:18:39]} Bf6
{[%clk 0:11:38]} 53. Kg4 {[%clk 0:18:49]} Bh8 {[%clk 0:11:29]} 54. Bg5
{[%clk 0:18:58]}  1-0

[Event "European Senior Team Championship 2021"]
[Site "Don Giovanni hotel, Vinohradska 2733, Prague, Czech Republic"]
[Date "2021.08.30"]
[Round "1"]
[Board "1"]
[White "Jansa, Vlastimil"]
[Black "Burchardt, Brigitte"]
[Result "1-0"]
[WhiteElo "2420"]
[BlackElo "2113"]
[PlyCount "0"]
[EventDate "2021.08.30"]
[EventType "team"]
[EventRounds "9"]
[EventCountry "ECX"]
[WhiteTeam "LYSA NAD LABEM - 100 LET"]
[BlackTeam "GERMANY 1 WOMEN"]

1. e4 {[%clk 1:30:55]} c5 {[%clk 1:30:53]} 2. Nf3 {[%clk 1:31:16]} d6
{[%clk 1:31:18]} 3. d4 {[%clk 1:31:35]} cxd4 {[%clk 1:31:43]} 4. Nxd4
{[%clk 1:32:00]} Nf6 {[%clk 1:32:06]} 5. Nc3 {[%clk 1:32:25]} a6 {[%clk 1:32:31]}
6. Bd3 e5 {[%clk 1:32:06]} 7. Nde2 {[%clk 1:33:10]} Be7 {[%clk 1:25:10]} 8. O-O
{[%clk 1:33:23]} Nbd7 {[%clk 1:17:57]} 9. Ng3 {[%clk 1:31:47]} Nb6
{[%clk 1:17:08]} 10. f4 {[%clk 1:28:46]} O-O {[%clk 1:12:00]} 11. a4
{[%clk 1:27:29]} exf4 {[%clk 1:06:52]} 12. Bxf4 {[%clk 1:27:35]} Be6
{[%clk 1:06:37]} 13. Kh1 {[%clk 1:09:55]} Rc8 {[%clk 1:04:20]} 14. Qd2
{[%clk 0:53:55]} Nc4 {[%clk 0:52:14]} 15. Bxc4 {[%clk 0:53:23]} Rxc4
{[%clk 0:52:40]} 16. b3 {[%clk 0:50:54]} Rc8 {[%clk 0:49:01]} 17. Nd5
{[%clk 0:49:12]} Bxd5 {[%clk 0:41:00]} 18. exd5 {[%clk 0:49:30]} Ng4
{[%clk 0:40:41]} 19. Ne4 {[%clk 0:34:28]} h6 {[%clk 0:38:01]} 20. Rae1
{[%clk 0:26:01]} g5 {[%clk 0:32:36]} 21. Qe2 {[%clk 0:24:34]} Qd7
{[%clk 0:26:29]} 22. Bc1 {[%clk 0:20:05]} f5 {[%clk 0:26:16]} 23. Ng3
{[%clk 0:20:08]} Ne5 {[%clk 0:25:26]} 24. Bb2 {[%clk 0:20:12]} f4
{[%clk 0:24:13]} 25. Ne4 {[%clk 0:16:39]} Rce8 {[%clk 0:15:39]} 26. c4
{[%clk 0:14:40]} Qf5 {[%clk 0:11:34]} 27. c5 {[%clk 0:13:41]} dxc5
{[%clk 0:10:18]} 28. d6 {[%clk 0:10:50]} Bd8 {[%clk 0:10:23]} 29. Nxc5
{[%clk 0:10:58]} Nc6 {[%clk 0:04:14]} 30. Qc4+ {[%clk 0:10:32]} Qf7
{[%clk 0:03:16]} 31. Nxb7 {[%clk 0:09:18]} Qxc4 {[%clk 0:02:58]} 32. bxc4
{[%clk 0:09:40]} Na5 {[%clk 0:02:10]} 33. Nxd8 {[%clk 0:09:14]} Rxd8
{[%clk 0:02:35]} 34. c5 {[%clk 0:09:15]} Rc8 {[%clk 0:02:27]} 35. Re7
{[%clk 0:08:51]} Nc6 {[%clk 0:02:08]} 36. Rg7+ {[%clk 0:08:37]}  1-0

[Event "European Senior Team Championship 2021"]
[Site "Don Giovanni hotel, Vinohradska 2733, Prague, Czech Republic"]
[Date "2021.08.30"]
[Round "1"]
[Board "2"]
[White "Orlova, Liubov"]
[Black "Meduna, Eduard"]
[Result "0-1"]
[WhiteElo "1988"]
[BlackElo "2352"]
[PlyCount "0"]
[EventDate "2021.08.30"]
[EventType "team"]
[EventRounds "9"]
[EventCountry "ECX"]
[WhiteTeam "GERMANY 1 WOMEN"]
[BlackTeam "LYSA NAD LABEM - 100 LET"]

1. d4 {[%clk 1:30:54]} Nf6 {[%clk 1:30:32]} 2. Nf3 {[%clk 1:30:56]} d6
{[%clk 1:30:30]} 3. c4 {[%clk 1:28:34]} Nbd7 {[%clk 1:30:24]} 4. Nc3
{[%clk 1:26:45]} g6 {[%clk 1:30:37]} 5. g3 {[%clk 1:26:29]} Bg7 {[%clk 1:30:48]}
6. Bg2 {[%clk 1:25:40]} O-O {[%clk 1:31:06]} 7. O-O {[%clk 1:24:38]} e5
{[%clk 1:31:10]} 8. e4 {[%clk 1:20:21]} c6 {[%clk 1:30:12]} 9. dxe5
{[%clk 1:18:23]} dxe5 {[%clk 1:30:17]} 10. Qc2 {[%clk 1:12:19]} a5
{[%clk 1:28:07]} 11. b3 {[%clk 1:11:43]} Qc7 {[%clk 1:28:25]} 12. Ba3
{[%clk 1:10:44]} Re8 {[%clk 1:28:45]} 13. Rad1 {[%clk 1:09:09]} Bf8
{[%clk 1:29:05]} 14. Bxf8 {[%clk 0:58:02]} Nxf8 {[%clk 1:25:41]} 15. h3
{[%clk 0:50:16]} Ne6 {[%clk 1:25:39]} 16. Na4 {[%clk 0:48:49]} b6
{[%clk 1:22:06]} 17. Nc3 {[%clk 0:39:15]} Bb7 {[%clk 0:59:14]} 18. Qc1
{[%clk 0:22:59]} Kg7 {[%clk 0:54:02]} 19. Qe3 {[%clk 0:17:40]} Rad8
{[%clk 0:52:20]} 20. Rd2 {[%clk 0:09:36]} Rxd2 {[%clk 0:51:07]} 21. Nxd2
{[%clk 0:08:53]} Nh5 {[%clk 0:37:47]} 22. Bf3 {[%clk 0:07:06]} Nf6
{[%clk 0:37:01]} 23. Bg2 {[%clk 0:06:50]} Rd8 {[%clk 0:33:59]} 24. Rd1
{[%clk 0:06:41]} Nc5 {[%clk 0:33:00]} 25. Bf1 {[%clk 0:06:26]} Rd4
{[%clk 0:32:30]} 26. Be2 {[%clk 0:06:04]} Bc8 {[%clk 0:31:51]} 27. Kh2
{[%clk 0:06:16]} Qd7 {[%clk 0:31:00]} 28. g4 {[%clk 0:05:52]} Qe7
{[%clk 0:29:19]} 29. f3 {[%clk 0:05:49]} h5 {[%clk 0:26:12]} 30. Nf1
{[%clk 0:05:51]} Ne6 {[%clk 0:20:32]} 31. Qc1 {[%clk 0:03:46]} hxg4
{[%clk 0:18:16]} 32. fxg4 {[%clk 0:03:07]} Nf4 {[%clk 0:13:33]} 33. Rxd4
{[%clk 0:01:55]} exd4 {[%clk 0:14:00]} 34. Qxf4 {[%clk 0:02:08]} dxc3
{[%clk 0:14:16]} 35. e5 {[%clk 0:01:58]} Nd7 {[%clk 0:12:25]} 36. Bd3
{[%clk 0:01:54]} Nxe5 {[%clk 0:11:56]} 37. Qd4 {[%clk 0:01:49]} Qf6
{[%clk 0:12:05]} 38. Kh1 {[%clk 0:00:31]} c5 {[%clk 0:12:16]} 39. Qe3
{[%clk 0:00:48]} Bb7+ {[%clk 0:11:16]} 40. Be4 {[%clk 0:01:13]} Qxf1+
{[%clk 0:11:10]}  0-1

[Event "European Senior Team Championship 2021"]
[Site "Don Giovanni hotel, Vinohradska 2733, Prague, Czech Republic"]
[Date "2021.08.30"]
[Round "1"]
[Board "3"]
[White "Hausner, Ivan"]
[Black "Kierzek, Mira"]
[Result "1/2-1/2"]
[WhiteElo "2336"]
[BlackElo "2003"]
[PlyCount "0"]
[EventDate "2021.08.30"]
[EventType "team"]
[EventRounds "9"]
[EventCountry "ECX"]
[WhiteTeam "LYSA NAD LABEM - 100 LET"]
[BlackTeam "GERMANY 1 WOMEN"]

1. c4 {[%clk 1:30:57]} e5 {[%clk 1:30:24]} 2. Nc3 {[%clk 1:31:19]} Nf6
{[%clk 1:29:47]} 3. Nf3 {[%clk 1:31:43]} Nc6 {[%clk 1:29:42]} 4. d4
{[%clk 1:32:09]} exd4 {[%clk 1:29:58]} 5. Nxd4 {[%clk 1:32:33]} Bb4
{[%clk 1:29:11]} 6. g3 {[%clk 1:32:53]} O-O {[%clk 1:21:32]} 7. Bg2
{[%clk 1:33:14]} Re8 {[%clk 1:13:48]} 8. O-O {[%clk 1:32:06]} Bxc3
{[%clk 1:03:06]} 9. bxc3 {[%clk 1:32:27]} Ne5 {[%clk 0:59:55]} 10. c5
{[%clk 1:32:21]} d5 {[%clk 0:58:56]} 11. cxd6 {[%clk 1:32:29]} Qxd6
{[%clk 0:57:31]} 12. Nb5 {[%clk 1:32:34]} Qb6 {[%clk 0:53:23]} 13. a4
{[%clk 1:30:54]} a6 {[%clk 0:49:40]} 14. Nd4 {[%clk 1:30:37]} c5 {[%clk 0:48:53]}
15. a5 {[%clk 1:29:51]} Qc7 {[%clk 0:46:40]} 16. Nf3 {[%clk 1:29:17]} Ng6
{[%clk 0:37:04]} 17. Qc2 {[%clk 1:26:22]} Bd7 {[%clk 0:35:25]} 18. c4
{[%clk 1:26:37]} Bc6 {[%clk 0:32:04]} 19. Bb2 {[%clk 1:26:52]} Qe7
{[%clk 0:30:49]} 20. e3 {[%clk 1:26:38]} Rad8 {[%clk 0:29:46]} 21. Rfd1
{[%clk 1:26:19]} h6 {[%clk 0:26:10]} 22. Rxd8 {[%clk 1:23:57]} Rxd8
{[%clk 0:26:19]} 23. Rd1 {[%clk 1:23:54]} Ng4 {[%clk 0:15:23]} 24. h3
{[%clk 1:21:56]} Nf6 {[%clk 0:13:44]} 25. Rxd8+ {[%clk 1:20:41]} Qxd8
{[%clk 0:14:13]} 26. Qd2 {[%clk 1:20:30]} Qe7 {[%clk 0:11:28]} 27. Qc3
{[%clk 1:19:48]} Qd6 {[%clk 0:10:08]} 28. Nd2 {[%clk 1:19:13]} Bxg2
{[%clk 0:06:44]} 29. Kxg2 {[%clk 1:19:37]} Ne8 {[%clk 0:06:45]} 30. Kg1
{[%clk 1:17:44]} Nf8 {[%clk 0:06:09]} 31. Ne4 {[%clk 1:16:29]} Qc7
{[%clk 0:06:20]} 32. Qe5 {[%clk 1:10:54]} Qxe5 {[%clk 0:06:38]} 33. Bxe5
{[%clk 1:11:18]} Nd7 {[%clk 0:06:50]} 34. Bc3 {[%clk 1:09:24]} f5
{[%clk 0:05:01]} 35. Nd2 {[%clk 1:09:47]} Nd6 {[%clk 0:05:13]} 36. g4
{[%clk 1:08:52]} g6 {[%clk 0:04:56]} 37. gxf5 {[%clk 1:08:37]} gxf5
{[%clk 0:05:21]} 38. Kg2 {[%clk 1:08:57]} b5 {[%clk 0:05:14]} 39. cxb5
{[%clk 1:09:12]} Nxb5 {[%clk 0:05:15]} 40. Bb2 {[%clk 1:09:12]} Nd6
{[%clk 0:05:13]} 41. Nb3 {[%clk 1:08:08]} Kf7 {[%clk 0:01:17]} 42. Kf3
{[%clk 1:07:52]} Ke6 {[%clk 0:30:27]} 43. Bg7 {[%clk 1:37:32]} h5
{[%clk 0:27:15]} 44. Kf4 {[%clk 1:37:18]} Ne8 {[%clk 0:13:17]} 45. Bb2
{[%clk 1:37:16]} Nd6 {[%clk 0:13:05]} 46. f3 {[%clk 1:36:12]} Kd5
{[%clk 0:12:47]} 47. Nd2 {[%clk 1:36:19]} c4 {[%clk 0:06:45]} 48. e4+
{[%clk 1:36:03]} fxe4 {[%clk 0:06:12]} 49. fxe4+ {[%clk 1:36:27]} Ke6
{[%clk 0:05:44]} 50. e5 {[%clk 1:35:53]} Nc5 {[%clk 0:04:19]} 51. exd6
{[%clk 1:08:15]} Nd3+ {[%clk 0:04:39]} 52. Ke3 {[%clk 1:08:26]} Nxb2
{[%clk 0:04:49]} 53. Ne4 {[%clk 1:08:42]} c3 {[%clk 0:03:43]} 54. h4
{[%clk 1:06:44]} Nc4+ {[%clk 0:03:57]} 55. Kd3 {[%clk 1:07:06]} Nxa5
{[%clk 0:04:16]}  1/2-1/2

[Event "European Senior Team Championship 2021"]
[Site "Don Giovanni hotel, Vinohradska 2733, Prague, Czech Republic"]
[Date "2021.08.30"]
[Round "1"]
[Board "4"]
[White "Wagner-Michel, Annett"]
[Black "Neckar, Lubomir"]
[Result "0-1"]
[WhiteElo "2011"]
[BlackElo "2274"]
[PlyCount "0"]
[EventDate "2021.08.30"]
[EventType "team"]
[EventRounds "9"]
[EventCountry "ECX"]
[WhiteTeam "GERMANY 1 WOMEN"]
[BlackTeam "LYSA NAD LABEM - 100 LET"]

1. e4 {[%clk 1:30:56]} Nf6 {[%clk 1:30:45]} 2. e5 {[%clk 1:31:12]} Nd5
{[%clk 1:31:10]} 3. d4 {[%clk 1:31:35]} d6 {[%clk 1:31:33]} 4. c4
{[%clk 1:31:50]} Nb6 {[%clk 1:31:51]} 5. exd6 {[%clk 1:32:07]} cxd6
{[%clk 1:32:14]} 6. Nc3 {[%clk 1:32:21]} g6 {[%clk 1:32:29]} 7. Be3
{[%clk 1:32:22]} Bg7 {[%clk 1:32:41]} 8. Nf3 {[%clk 1:30:59]} O-O
{[%clk 1:31:04]} 9. Rc1 {[%clk 1:29:59]} Bg4 {[%clk 1:20:17]} 10. Be2
{[%clk 1:27:12]} Nc6 {[%clk 1:19:57]} 11. b3 {[%clk 1:27:11]} d5 {[%clk 1:19:24]}
12. c5 {[%clk 1:23:50]} Nc8 {[%clk 1:19:20]} 13. O-O {[%clk 1:21:07]} e6
{[%clk 1:17:29]} 14. b4 {[%clk 1:12:24]} a6 {[%clk 1:17:24]} 15. a3
{[%clk 1:02:06]} N8e7 {[%clk 1:08:05]} 16. Ng5 {[%clk 0:49:42]} Bxe2
{[%clk 0:36:59]} 17. Nxe2 {[%clk 0:50:06]} e5 {[%clk 0:37:05]} 18. dxe5
{[%clk 0:36:18]} Nxe5 {[%clk 0:37:10]} 19. Nd4 {[%clk 0:21:55]} Nc4
{[%clk 0:27:55]} 20. Qd3 {[%clk 0:20:24]} Nxe3 {[%clk 0:20:38]} 21. fxe3
{[%clk 0:20:05]} Nc6 {[%clk 0:20:59]} 22. Ngf3 {[%clk 0:18:46]} Qe7
{[%clk 0:17:35]} 23. Rcd1 {[%clk 0:16:00]} Rfe8 {[%clk 0:14:55]} 24. Nc2
{[%clk 0:15:33]} Rad8 {[%clk 0:14:52]} 25. Qb3 {[%clk 0:12:59]} Qd7
{[%clk 0:10:18]} 26. Rd2 {[%clk 0:07:31]} Ne5 {[%clk 0:05:43]} 27. h3
{[%clk 0:03:08]} Bh6 {[%clk 0:03:35]} 28. Rdf2 {[%clk 0:03:12]} Nc4
{[%clk 0:03:16]} 29. Re2 {[%clk 0:02:37]} Re7 {[%clk 0:02:29]} 30. e4
{[%clk 0:02:21]} dxe4 {[%clk 0:01:05]} 31. Qxc4 {[%clk 0:02:26]} exf3
{[%clk 0:01:31]} 32. Rxe7 {[%clk 0:02:37]} Qxe7 {[%clk 0:01:50]} 33. Rxf3
{[%clk 0:02:45]} Rd1+ {[%clk 0:00:55]} 34. Rf1 {[%clk 0:03:05]} Rd2
{[%clk 0:01:16]} 35. Re1 {[%clk 0:02:00]} Rxc2 {[%clk 0:01:34]} 36. Rxe7
{[%clk 0:02:11]} Rxc4 {[%clk 0:02:02]} 37. Rxb7 {[%clk 0:02:35]} Bc1
{[%clk 0:02:05]} 38. a4 {[%clk 0:02:03]} Ba3 {[%clk 0:02:20]} 39. Rb6
{[%clk 0:02:01]} a5 {[%clk 0:01:53]}  0-1